| 000 | 00862nam a2200229Ii 4500 | ||
|---|---|---|---|
| 003 | JO-AjNU | ||
| 008 | 230605s9999||||xx |||||||||||||| ||und|| | ||
| 017 | _a2014/15160 | ||
| 020 | _a978-977-308-417-2 | ||
| 040 |
_aJO-AjNU _bara _erda _cJO-AjNU |
||
| 041 | _aara | ||
| 050 | 1 | 4 | _aDS35.62.2014 |
| 100 | 3 |
_aالسيد، عبد العزيز عبد المطلب , _eauthor _961872 |
|
| 245 | 0 | 0 | _aاثر الحضارة الاسلامية على الشرق والغرب: جوستان لوبون نموذجا |
| 250 | _aط1 | ||
| 264 | 3 | 1 | _aدسوق: دار العلم والايمان للنشر والتوزيع، 2014 |
| 300 | _a224ص | ||
| 336 |
_atext _btxt _2rdacontent |
||
| 337 |
_aunmediated _bn _2rdamedia |
||
| 338 |
_avolume _bnc _2rdacarrier |
||
| 650 | 4 |
_aالحضارة الاسلامية- اثارها-المشر-المغرب-تاريخ _961873 |
|
| 999 |
_aA27989 _c31557 _d31557 |
||